| Tag |
First Indicator |
Second Indicator |
Subfields |
| LEADER |
00000cas a2200000 4500 |
| 001 |
in00000068341 |
| 005 |
20210817130012.0 |
| 008 |
751101d18991997maubx1p 0 a0eng d |
| 010 |
|
|
|a 17020957
|
| 019 |
|
|
|a 13772837
|
| 022 |
0 |
|
|a 0040-1692
|
| 030 |
|
|
|a TEREAU
|
| 032 |
|
|
|a 535940
|b USPS
|
| 035 |
|
|
|a (OCoLC)01767230
|
| 035 |
|
|
|9 AAH1015AM
|
| 040 |
|
|
|a MUL
|c MUL
|d COO
|d NSD
|d DLC
|d NSD
|d OCL
|d NSD
|d RCS
|d AIP
|d DLC
|d AIP
|d DLC
|d AIP
|d HUL
|d NSD
|d NST
|d AGL
|d NSD
|d NST
|d NSD
|d MYG
|d TXA
|d UtOrBLW
|
| 042 |
|
|
|a nsdp
|a lc
|
| 049 |
|
|
|a TXAE [Also in] [micro] [film] [S] [2310]
|
| 050 |
0 |
0 |
|a T171
|b .M47
|
| 210 |
0 |
|
|a Technol. rev.
|
| 222 |
|
0 |
|a Technology review
|
| 245 |
0 |
0 |
|a Technology review.
|
| 264 |
|
1 |
|a [Cambridge, Mass.] :
|b [Alumni Association, Massachusetts Institute of Technology]
|
| 300 |
|
|
|a 100 volumes :
|b illustrations ;
|c 25-29 cm.
|
| 310 |
|
|
|a 8 no. a year,
|b Mar./Apr. 1972-1997
|
| 321 |
|
|
|a Quarterly,
|b 1899-July 1911
|
| 321 |
|
|
|a Monthly (except Aug.-Oct.)
|b Nov. 1911-
|
| 321 |
|
|
|a 9 no. a year
|b <, Oct./Nov. 1969>-Feb. 1972
|
| 336 |
|
|
|a text
|b txt
|2 rdacontent
|
| 337 |
|
|
|a unmediated
|b n
|2 rdamedia
|
| 338 |
|
|
|a volume
|b nc
|2 rdacarrier
|
| 362 |
0 |
|
|a v. 1-100, no. 1; Jan. 1899-Jan. 1997.
|
| 500 |
|
|
|a Some issues also available on 35 mm microfilm.
|
| 510 |
1 |
|
|a Applied science & technology index
|x 0003-6986
|
| 510 |
1 |
|
|a General science index
|x 0363-5465
|b 1992-
|
| 510 |
1 |
|
|a Magazine index
|b 1977-
|
| 510 |
1 |
|
|a Readers' guide abstracts (microform)
|x 0886-0092
|
| 510 |
1 |
|
|a Readers' guide to periodical literature
|x 0034-0464
|
| 510 |
2 |
|
|a ABI/INFORM
|b March 1973-
|
| 510 |
2 |
|
|a BioBusiness
|b 1986-
|
| 510 |
2 |
|
|a Book review index
|x 0524-0581
|
| 510 |
2 |
|
|a Chemical abstracts
|x 0009-2258
|
| 510 |
2 |
|
|a Coal abstracts
|x 0309-4979
|
| 510 |
2 |
|
|a Energy information abstracts
|x 0147-6521
|
| 510 |
2 |
|
|a Energy research abstracts
|x 0160-3604
|
| 510 |
2 |
|
|a Engineering index annual (1968)
|x 0360-8557
|
| 510 |
2 |
|
|a Environment abstracts
|x 0093-3287
|
| 510 |
2 |
|
|a Excerpta medica
|
| 510 |
2 |
|
|a GeoRef
|x 0197-7482
|
| 510 |
2 |
|
|a Hospital literature index
|x 0018-5736
|
| 510 |
2 |
|
|a International aerospace abstracts
|x 0020-5842
|
| 510 |
2 |
|
|a Public Affairs Information Service bulletin
|x 0033-3409
|
| 515 |
|
|
|a Vol. 84 comprises 2 nos. only.
|
| 550 |
|
|
|a Vols. for 1899-1908 published by the Massachusetts Institute of Technology, Association of Class Secretaries; <, Oct./Nov. 1969-> by the Alumni Association; -Jan. 1997 by the Association of Alumni and Alumnae.
|
| 580 |
|
|
|a Absorbed: Alumni news report from the Massachusetts Institute of Technology.
|
| 541 |
0 |
|
|a Donated by Sharon Stuart / Tom Heitz
|d 20190715
|
| 650 |
|
0 |
|a Technology
|v Periodicals.
|
| 710 |
2 |
|
|a Massachusetts Institute of Technology.
|b Association of Class Secretaries.
|
| 710 |
2 |
|
|a Massachusetts Institute of Technology.
|b Alumni Association.
|
| 710 |
2 |
|
|a MIT Alumni/ae Association.
|
| 780 |
1 |
5 |
|t Alumni news report from the Massachusetts Institute of Technology
|g 1931
|w (OCoLC)35106106
|
| 785 |
0 |
0 |
|t MIT's technology review
|w (OCoLC)36436527
|w (DLC)sn 97038051
|
| 948 |
|
|
|a t1
|
| 999 |
|
|
|a MARS
|
| 999 |
f |
f |
|s c105a576-e273-37e8-bdac-dfdfb45ad774
|i 84ba82ba-3930-3848-acb1-7b44d81dd3e3
|t 0
|
| 952 |
f |
f |
|p ric
|a Texas A&M University
|b Rellis Campus
|c Joint Library Facility
|d Remote Storage
|t 0
|e T171 .M47
|h Library of Congress classification
|i unmediated -- volume
|k v.90
|l 1987
|m A14812170062
|
| 952 |
f |
f |
|p ric
|a Texas A&M University
|b Rellis Campus
|c Joint Library Facility
|d Remote Storage
|t 0
|e T171 .M47
|h Library of Congress classification
|i unmediated -- volume
|k v.94
|l 1991
|m A14816073806
|
| 952 |
f |
f |
|p noncirc
|a Texas A&M University
|b College Station
|c Cushing Memorial Library & Archives
|d Cushing: Women & Gender Studies (Does not check out)
|t 0
|e T171 .M47
|h Library of Congress classification
|i unmediated -- volume
|
| 952 |
f |
f |
|p ric
|a Texas A&M University
|b Rellis Campus
|c Joint Library Facility
|d Remote Storage
|t 0
|e T171 .M47
|h Library of Congress classification
|i unmediated -- volume
|k v.93
|l 1990
|m A14814353404
|
| 952 |
f |
f |
|p ric
|a Texas A&M University
|b Rellis Campus
|c Joint Library Facility
|d Remote Storage
|t 0
|e T171 .M47
|h Library of Congress classification
|i unmediated -- volume
|k v.92
|l 1989
|m A14812100211
|
| 952 |
f |
f |
|p ric
|a Texas A&M University
|b Rellis Campus
|c Joint Library Facility
|d Remote Storage
|t 0
|e T171 .M47
|h Library of Congress classification
|i unmediated -- volume
|k v.89
|l 1986
|m A14811711475
|
| 952 |
f |
f |
|p ric
|a Texas A&M University
|b Rellis Campus
|c Joint Library Facility
|d Remote Storage
|t 0
|e T171 .M47
|h Library of Congress classification
|i unmediated -- volume
|k v.70
|l 1967-1968
|m A14840860023
|
| 952 |
f |
f |
|p ric
|a Texas A&M University
|b Rellis Campus
|c Joint Library Facility
|d Remote Storage
|t 0
|e T171 .M47
|h Library of Congress classification
|i unmediated -- volume
|k v.98
|l 1995
|m A14820115521
|
| 952 |
f |
f |
|p ric
|a Texas A&M University
|b Rellis Campus
|c Joint Library Facility
|d Remote Storage
|t 0
|e T171 .M47
|h Library of Congress classification
|i unmediated -- volume
|k v.96
|l 1993
|m A14818397874
|
| 952 |
f |
f |
|p ric
|a Texas A&M University
|b Rellis Campus
|c Joint Library Facility
|d Remote Storage
|t 0
|e T171 .M47
|h Library of Congress classification
|i unmediated -- volume
|k v.84-85
|l 1981-1982
|m A14812047015
|
| 952 |
f |
f |
|p ric
|a Texas A&M University
|b Rellis Campus
|c Joint Library Facility
|d Remote Storage
|t 0
|e T171 .M47
|h Library of Congress classification
|i unmediated -- volume
|k v.78
|l 1975/1976
|m A14811363573
|
| 952 |
f |
f |
|p ric
|a Texas A&M University
|b Rellis Campus
|c Joint Library Facility
|d Remote Storage
|t 0
|e T171 .M47
|h Library of Congress classification
|i unmediated -- volume
|k v.99
|l 1996
|m A14827895326
|
| 952 |
f |
f |
|p ric
|a Texas A&M University
|b Rellis Campus
|c Joint Library Facility
|d Remote Storage
|t 0
|e T171 .M47
|h Library of Congress classification
|i unmediated -- volume
|k v.87
|l 1984
|m A14828091446
|
| 952 |
f |
f |
|p ric
|a Texas A&M University
|b Rellis Campus
|c Joint Library Facility
|d Remote Storage
|t 0
|e T171 .M47
|h Library of Congress classification
|i unmediated -- volume
|k v.80
|l 1977/1978
|m A14812150452
|
| 952 |
f |
f |
|p ric
|a Texas A&M University
|b Rellis Campus
|c Joint Library Facility
|d Remote Storage
|t 0
|e T171 .M47
|h Library of Congress classification
|i unmediated -- volume
|k v.97
|l 1994
|m A14819044830
|
| 952 |
f |
f |
|p ric
|a Texas A&M University
|b Rellis Campus
|c Joint Library Facility
|d Remote Storage
|t 0
|e T171 .M47
|h Library of Congress classification
|i unmediated -- volume
|k v.91
|l 1988
|m A14811730453
|
| 952 |
f |
f |
|p ric
|a Texas A&M University
|b Rellis Campus
|c Joint Library Facility
|d Remote Storage
|t 0
|e T171 .M47
|h Library of Congress classification
|i unmediated -- volume
|k v.74:no.1-7
|l 1971-1972
|m A14811363523
|
| 952 |
f |
f |
|p ric
|a Texas A&M University
|b Rellis Campus
|c Joint Library Facility
|d Remote Storage
|t 0
|e T171 .M47
|h Library of Congress classification
|i unmediated -- volume
|k v.71
|l 1968-1969
|m A14840860065
|
| 952 |
f |
f |
|p default
|a Texas A&M University
|b College Station
|c Sterling C. Evans Library
|d Evans: Microforms Film (3rd floor)
|t 0
|e T171 .M47
|h Library of Congress classification
|i unmediated -- volume
|
| 952 |
f |
f |
|p ric
|a Texas A&M University
|b Rellis Campus
|c Joint Library Facility
|d Remote Storage
|t 0
|e T171 .M47
|h Library of Congress classification
|i unmediated -- volume
|k v.88
|l 1985
|m A14816643067
|
| 952 |
f |
f |
|p ric
|a Texas A&M University
|b Rellis Campus
|c Joint Library Facility
|d Remote Storage
|t 0
|e T171 .M47
|h Library of Congress classification
|i unmediated -- volume
|k v.100:no.1
|l 1997
|m A14822513571
|
| 952 |
f |
f |
|p ric
|a Texas A&M University
|b Rellis Campus
|c Joint Library Facility
|d Remote Storage
|t 0
|e T171 .M47
|h Library of Congress classification
|i unmediated -- volume
|k v.95
|l 1992
|m A14816141560
|
| 998 |
f |
f |
|a T171 .M47
|s v.74-99 (1971-1996)
|t 0
|l Evans: Microforms Film (3rd floor)
|
| 998 |
f |
f |
|a T171 .M47
|s v.1-69 (1969-1966/1967)
|t 0
|l SUPPRESSED
|
| 998 |
f |
f |
|a T171 .M47
|s v.99:no.1 (1996:Jan.)
|t 0
|l Cushing: Women & Gender Studies (Does not check out)
|
| 998 |
f |
f |
|a T171 .M47
|s v.70-99 (1968-1996)
|t 0
|l Remote Storage
|